|
|
|
|
| LEADER |
01764nam a2200397 a 4500 |
| 001 |
2878 |
| 003 |
BD-DhAAL |
| 005 |
20150711113631.0 |
| 008 |
150711s1995 si a b i010 0 eng |
| 010 |
|
|
|a 95948221
|
| 020 |
|
|
|a 9813055057 (pbk.)
|
| 020 |
|
|
|a 9813055065 (hard)
|
| 040 |
|
|
|a DLC
|c DLC
|d BD-DhAAL
|
| 050 |
0 |
0 |
|a JC599.A78
|b E45 1995
|
| 082 |
|
|
|a 300/.95
|
| 245 |
0 |
0 |
|a Emerging civil society in the Asia Pacific community :
|b nongovernmental underpinnings of the emerging Asia Pacific regional community : a 25th anniversary project of JCIE /
|c edited by Tadashi Yamamoto.
|
| 246 |
3 |
0 |
|a Civil society in the Asia Pacific community
|
| 260 |
|
|
|a Singapore :
|b Co-published by the Institute of Southeast Asian Studies (ISEAS) [and] JCIE in cooperation with the Asia Pacific Philanthropy Consortium (APPC),
|c c1995.
|
| 300 |
|
|
|a xv, 767 p. :
|b ill. ;
|c 26 cm.
|
| 504 |
|
|
|a Includes bibliographical references.
|
| 541 |
|
|
|e 2878
|
| 650 |
|
0 |
|a Civil society
|z Asia.
|9 13092
|
| 650 |
|
0 |
|a Civil society
|z Pacific Area.
|9 13093
|
| 650 |
|
0 |
|a Non-governmental organizations
|z Asia.
|9 13094
|
| 650 |
|
0 |
|a Non-governmental organizations
|z Pacific Area.
|9 13095
|
| 650 |
|
0 |
|a Research institutes
|z Asia.
|9 13096
|
| 650 |
|
0 |
|a Research institutes
|z Pacific Area.
|9 13097
|
| 650 |
|
0 |
|a Endowments
|z Asia.
|9 13098
|
| 650 |
|
0 |
|a Endowments
|z Pacific Area.
|9 13099
|
| 700 |
1 |
|
|a Yamamoto, Tadashi,
|d 1936-
|9 13100
|
| 710 |
2 |
|
|a Institute of Southeast Asian Studies.
|9 13101
|
| 710 |
2 |
|
|a Nihon Kokusai Koryu Senta.
|9 13102
|
| 710 |
2 |
|
|a Asia Pacific Philanthropy Consortium.
|9 13103
|
| 942 |
|
|
|2 ddc
|c BK
|
| 999 |
|
|
|c 35033
|d 35033
|
| 952 |
|
|
|0 0
|1 0
|2 ddc
|4 0
|6 300_950000000000000_EME
|7 0
|9 54914
|a SCL
|b SCL
|c GEN
|d 2015-07-11
|l 0
|o 300.95 EME
|p 3020002878
|r 2015-07-11
|t 1
|w 2015-07-11
|y BK
|